Word Ladder: Canine Quiz Stats

 Plays Quiz Updated Oct 13, 2016

Score 0/12 Timer 01:00
5 Plays Today
Clue Word % Correct
'Robin ___: Prince of Thieves'HOOD
98.3%
Opposite of hotCOLD
97.5%
What you do to make origamiFOLD
95.8%
NourishmentFOOD
95.5%
A large predatory canid that hunts in packsWOLF
95.3%
The hard bottom of a horse's legHOOF
95.3%
Someone you look up to: '___ model'ROLE
93.6%
A low gruff sound from a dogWOOF
91.1%
'Old King ___'COLE
90.9%
A long flowing garment ROBE
83%
Where to get pierced for an earringLOBE
81.3%
Spanish for the first word in *this* ladderLOBO
45.9%

Today's Daily Dose

You're not logged in!

Compare scores with friends on all Sporcle quizzes.
OR
Log In

Show Comments

Extras

Top Quizzes Today


Score Distribution

Your Account Isn't Verified!

In order to create a playlist on Sporcle, you need to verify the email address you used during registration. Go to your Sporcle Settings to finish the process.

Report this User

Report this user for behavior that violates our Community Guidelines.

Details: